• 首页
  • 本馆介绍
  • 公告通知
  • 最新文献
  • 馆藏检索
  • 电子资源
  • 读者导购
  • 参考咨询
  • 我的图书馆
  • 登录
  • 详细信息显示
  • 放入我的书架
  • 预约/预借图书
  • 作者相关作品
  • 分类相关作品
  • 丛书相关作品
  • 出版社相关作品

书目信息

  • 表格格式
  • 工作单格式
  • 卡片格式
题名:
从城市国家到中华
    
 
作者: 平势隆郎 著 ;周洁 译
分册:  
出版信息: 桂林   广西师范大学出版社  2014
页数: 476页
开本: 19cm
丛书名:
单 册:
中图分类: K223.07 , K225.07
科图分类:
主题词: 中国历史--研究--商周时代 , 中国历史--研究--春秋战国时代 , 中国历史
电子资源:
ISBN: 978-7-5495-4156-0
000 01211nam0 2200325 450
001 012001005184
005 20141007184923.0
010    @a978-7-5495-4156-0@b精装@dCNY52.00
090    @aK221.07@bpsl
100    @a20140429d2014 em y0chiy50 ea
101 1  @achi@cjpn
102    @aCN@b450000
105    @aa z 000yy
106    @ar
200 1  @a从城市国家到中华@9cong cheng shi guo jia dao zhong hua@e殷周 春秋战国@f(日)平势隆郎著@g周洁译
210    @a桂林@c广西师范大学出版社@d2014
215    @a476页@c图@d19cm
300    @a讲谈社·中国的历史 02 理想国
305    @a日本讲坛社授权出版
330    @a本书共分十章,内容包括:周王朝的史实、“华夏”的源流与夏商周三代、战国诸国各自讲述的夏商周三代、春秋时代的史实、战国时代的史实、战国时代的学术、战国时代的变革者、重新比较探讨春秋时代以及夏商周三代观等。
517 1  @a殷周 春秋战国@9yin zhou chun qiu zhan guo
606 0  @a中国历史@x研究@z商周时代
606 0  @a中国历史@x研究@z春秋战国时代
606 0  @a中国历史
690    @aK223.07@v5
690    @aK225.07@v5
701  0 @c(日)@a平势隆郎@9ping shi long lang@f(1954~)@4著
702  0 @a周洁@9zhou jie@c(翻译)@4译
801  0 @aCN@b上海新华@c20180901
905    @b1173043-7@dK223.07@e42@f5
    
    从城市国家到中华:殷周 春秋战国/(日)平势隆郎著/周洁译.-桂林:广西师范大学出版社,2014
    476页:图;19cm
    讲谈社·中国的历史 02 理想国
    
    ISBN 978-7-5495-4156-0(精装):CNY52.00
    本书共分十章,内容包括:周王朝的史实、“华夏”的源流与夏商周三代、战国诸国各自讲述的夏商周三代、春秋时代的史实、战国时代的史实、战国时代的学术、战国时代的变革者、重新比较探讨春秋时代以及夏商周三代观等。
●
相关链接 在E读中查询图书 在五车中查询图书 在当当中查询图书 在豆瓣中查询图书


正题名:从城市国家到中华     索取号:K223.07/42         预约/预借

序号 登录号 条形码 馆藏地/架位号 状态 备注
1 1173043   211730439   第二样本阅览室/ [索取号:K223.07/42] 在馆    
2 1173044   211730448   第二借阅区/ [索取号:K223.07/42] 在馆    
3 1173045   211730457   密集书库-史法系/ [索取号:K223.07/42] 在馆    
4 1173046   211730466   第二借阅区/ [索取号:K223.07/42] 在馆    
5 1173047   211730475   第二借阅区/ [索取号:K223.07/42] 在馆    
唐山师范学院图书馆 欢迎您!
大连网信软件有限公司© 版权所有